Szczegóły MARC21

The inner word in Gadamer's hermeneutics /

003 -Nazwa inst., której nr kontr. jest w polu 001 [,]
    • @
    • Nazwa instytucji, której n kontrolny jest w polu 001
    • NUKAT
005 -DATA I CZAS OSTATNIEJ MODYFIKACJI [,]
    • @
    • pole kontrolne
    • 20241231090507.0
020 -Międzynarod. znormalizowany nr książki - ISBN [ , ]
    • a
    • Numer ISBN
    • 9780268020347 Find
    • q
    • Dopowiedzenie
    • pbk. : alk. paper
040 -Instytucja sporządzająca opis [ , ]
    • a
    • Instytucja, która sporządziła opis (NP)
    • BSTOK U/AR
    • c
    • Instytucja, która sporządziła rekord (NP)
    • BSTOK U/AR
942 -Rodzaj dokumentu [ , ]
    • c
    • Rodzaj dokumentu
    • Książka
100 -Hasło główne - nazwa osobowa [1, ]
    • a
    • Nazwa osobowa (NP)
    • Arthos, John.
    • 9
    • KHW
    • 649782
245 -Strefa tytułu i oznaczenia odpowiedzialności [1,4]
    • a
    • Tytuł
    • The inner word in Gadamer's hermeneutics / Find
    • c
    • Pozostałe elementy strefy tytułu i oznaczenia odpowiedzialności (NP)
    • John Arthos.
260 -Strefa adresu wydawniczego [ , ]
    • a
    • Miejsce wydania (P)
    • Notre Dame, IN :
    • b
    • Nazwa wydawcy (P)
    • University of Notre Dame Press,
    • c
    • Data wydania (P)
    • 2009.
300 -Strefa opisu fizycznego [ , ]
    • a
    • Określenie formy książki i/lub objętość (NP)
    • XX, 460 s. ;
    • c
    • Format (NP)
    • 24 cm.
336 -Typ zawartości [ , ]
    • a
    • Termin opisujący typ zawartości
    • Tekst
    • b
    • Kod określający zawartość
    • txt
    • 2
    • Źródło (terminu i kodu)
    • rdacontent
337 -Typ mediów [ , ]
    • a
    • Tryb odtwarzania
    • Bez urządzenia pośredniczącego
    • b
    • Kod typu mediów
    • n
    • 2
    • Źródło (terminu i kodu)
    • rdamedia
338 -Typ/rodzaj nośnika [ , ]
    • a
    • Hasło opisujące typ nośnika
    • Wolumin
    • b
    • Kod typu nośnika
    • nc
    • 2
    • Źródło (terminu i kodu)
    • rdacarrier
504 -Uwaga dot. bibliogr. załącznikowej [ , ]
    • a
    • Uwaga dot. bibliografii załącznikowej
    • Bibliogr. s. 441-457. Indeks.
080 -Uniwersalna Klasyfikacja Dziesiętna [ , ]
    • 2
    • Identyfikator wydania tablic
    • UDC-P058
    • 9
    • UKD
    • 6363
    • a
    • Symbol klasyfikacji
    • 801.7
    • b
    • Dopowiedzenie
    • Nauki pomocnicze filologii. Hermeneutyka. Krytyka tekstów. Egzegeza. Tekstologia
    • 4
    • UKD2
    • 7644
    • x
    • Poddział wspólny
    • =111
    • c
    • Dopowiedzenie poddz. wspólnego
    • =Język angielski.
600 -Hasło przedmiotowe w formie nazwy osobowej [1,7]
    • a
    • Nazwa osobowa
    • Gadamer, Hans-Georg
    • d
    • Daty związane z nazwą
    • (1900-2002)
    • x
    • Określnik rzeczowy
    • krytyka i interpretacja.
    • 2
    • Źródło terminu
    • kaba
    • 9
    • KHW
    • 393559
650 -Hasło przedmiotowe [ ,7]
    • a
    • Hasło przedmiotowe
    • Hermeneutyka.
    • 2
    • Źródło terminu
    • kaba
    • 9
    • KHW
    • 111095
980 -Symbol UKD [ , ]
    • a
    • UKD
    • 801.7Gadamer H.-G.=111
710 -Hasło dodatkowe - nazwa ciała zbiorowego [2, ]
    • a
    • Nazwa ciała zbiorowego lub nazwa geograficzna jako pierwszy element (NP)
    • University of Notre Dame Press.
    • 4
    • Kod relacji
    • pbl
    • 9
    • KHW
    • 502971
920 -ISBN [ , ]
    • a
    • ISBN
    • 978-0-268-02034-7 Find
    • q
    • Dopowiedzenie
    • pbk. : alk. paper
Obwoluta Sygnatura Lokalizacja Data inwentaryzacji Status udost. Numer inwentarzowy
1ANG. Filozofia 27BM2010-07-141A.8674